| 000 | 005420000a22001810004500 | ||
|---|---|---|---|
| 003 | MACL | ||
| 005 | 20160316160419.0 | ||
| 008 | 160316b xxu||||| |||| 00| 0 eng d | ||
| 040 |
_aMACL _cMACL |
||
| 041 | _aHindi | ||
| 082 | _a398 | ||
| 100 |
_aर्इशनारायण जोशी _946672 |
||
| 245 | _aमालवा की लोक चित्रकला | ||
| 260 |
_bविश्वभारती प्रकाशन _c1982 _aभोपाल |
||
| 350 | _a25 | ||
| 650 |
_aFolklore _946673 |
||
| 942 |
_cHIN _k398 _2ddc |
||
| 999 |
_c29256 _d29256 |
||